| 000 | 00594cam a22002291 4500 | ||
|---|---|---|---|
| 001 | sa 63004718 | ||
| 003 | DLC | ||
| 005 | 20260227111951.0 | ||
| 008 | 900208s1963 ii 000 0 hino | ||
| 010 | _asa 63004718 | ||
| 035 | _a(OCoLC)21021747 | ||
| 040 |
_aDLC _cWaU _dDLC |
||
| 042 | _apremarc | ||
| 050 | 0 | 0 |
_aSF201 _b.M33 |
| 100 | 1 | _aMallika, Gopāla Kr̥shṇa. | |
| 245 | 1 | 0 | _aSantulita gopālana. |
| 260 | _c[1963] | ||
| 300 |
_a1 v. (various pagings) _c19 cm. |
||
| 500 | _aIn Hindi. | ||
| 500 | _aL.C. copy imperfect: pages incorrectly bound together. | ||
| 650 | 0 | _aCattle. | |
| 999 |
_c55825 _d55825 |
||